Tracklist - Trinity (Laylow) - Statistiques

Statistiques générales
  • Ce quiz a été pris 100 fois
  • Le résultat moyen est 11 sur 22
Statistiques - réponses
Réponse % Correct
...DE BATARD (ft.Wit) (ft.Wit)
80%
PLUG ( ft.Jok'air) (ft.Jok'air)
76%
MEGATRON 🎶
72%
TRINITYVILLE 🎶
72%
BURNING MAN (ft.Lomepal) (ft.Lomepal)
69%
LOGICIEL TRISTE 🎶
68%
POIZON 🎶
68%
VAMONOS (ft.Alpha Wann) (ft.Alpha Wann)
67%
HILLZ (ft.S.Pri Noir) (ft.S.Pri Noir)
64%
DEHORS DANS LA NIGHT 🎶
63%
NAKRé 🎶
56%
LONGUE VIE... 🎶
52%
MILLION FLOWERZ 🎶
51%
Initialisation 🗣️
49%
AKANIZER 🎶
48%
PIRANHA BABY 🎶
40%
Mieux vaut pas regarder, Pt. 1 🗣️
27%
Mieux vaut pas regarder, Pt. 2 🗣️
27%
Menu principal 🗣️
20%
Il était une fois sous l'eau 🗣️
19%
Tentative de reconnexion 🗣️
16%
Manuel d'utilisation 🗣️
15%
Aucun quiz correspondant
Distribution des résultats
% des personnes avec chaque résultat
Percentile par nombre de réponses
Votre historique - résultats
Vous n’avez pas pris ce quiz